000 00309 a2200157 4500
001 47517
020 _a8524301880
040 _cAnchieta - Aquarius
100 _aCarlson, Melody
240 1 0 _aBíblia
_lpor
245 1 0 _aBíblia
300 _a223p.
362 0 _a2001
650 4 _aReligião
942 _cBK
999 _c47517
_d47517